000 00348nam a2200145Ia 4500
008 181130s2018 xx 000 0 und d
100 _aIreton, Emma
245 _aHow public is a public inquiry?
260 _c2018
300 _ap.277-298.
504 _dApr
650 _aPublic inquiries
773 _aPublic Law
906 _aPublic inquiries
999 _c506295
_d506295